Материалы для технического нормирования горных работ каменноугольных рудников Донецкого бассейна. Вып. 5: Нормирование работы врубовой бригады на врубовых машинах тяжелого типа (Запись № 13599049)

Подробности
000 -МАРКЕР
контрольное поле 02114nam2a2200265 4500
001 - ИДЕНТИФИКАТОР ЗАПИСИ
контрольное поле rc\2939065
005 - ИДЕНТИФИКАТОР ВЕРСИИ
контрольное поле 20260315055609.0
035 ## - ДРУГИЕ СИСТЕМНЫЕ НОМЕРА
Идентификатор записи (NLR Aleph) 007087965
100 ## - ДАННЫЕ ОБЩЕЙ ОБРАБОТКИ
Данные общей обработки 20110824d1935 u y0rusy50 ca
101 0# - ЯЗЫК РЕСУРСА
Язык текста, звукозаписи и т.д. русский
102 ## - СТРАНА ПУБЛИКАЦИИ ИЛИ ПРОИЗВОДСТВА
Страна публикации Российская Федерация
105 ## - ПОЛЕ КОДИРОВАННЫХ ДАННЫХ: ТЕКСТОВЫЕ МАТЕРИАЛЫ, МОНОГРАФИЧЕСКИЕ
Кодированные данные о монографическом текстовом документе a z |||||
200 1# - ЗАГЛАВИЕ И СВЕДЕНИЯ ОБ ОТВЕТСТВЕННОСТИ
Основное заглавие Нормирование работы врубовой бригады на врубовых машинах тяжелого типа
Первые сведения об ответственности Всесоюз. науч.-исслед. угольный ин-т
210 ## - ПУБЛИКАЦИЯ, РАСПРОСТРАНЕНИЕ И ДР.
Место издания, распространения и т.д. Харьков
-- Киев
Имя издателя, распространителя и т. д. Гос. науч.-техн. изд-во Украины
Дата издания, распространения и т.д. 1935
215 ## - ФИЗИЧЕСКАЯ ХАРАКТЕРИСТИКА
Специфическое обозначение материала и объем Обл., 68 с., рис. [2], [1] вкл. л.
Другие сведения о физической характеристике рис., номогр.
Сопроводительный материал Папка (особое прил.), 6, [2] с. (отд. сбр.), 9 номограмм (в общей папке)
300 ## - ОБЩИЕ ПРИМЕЧАНИЯ
Текст примечания Предисл.: Всесоюз. науч.-исслед. угольного ин-та (с. 3-4)
327 0# - ПРИМЕЧАНИЯ О СОДЕРЖАНИИ
Текст примечания Доб.: Девять номограмм с указанием к пользованию номограммами
461 #0 - УРОВЕНЬ НАБОРА
Встроенное поле 001rc\2939063
-- 2001#$aМатериалы для технического нормирования горных работ каменноугольных рудников Донецкого бассейна$eТ. 1-$fОбъед. гос. каменноуг. промышленности "Уголь"$vВып. 5
Системный номер (АБИС) связанной записи 6544275
Место публикации Харьков
Дата публикации 1934-1935
Первые сведения об ответственности Объед. гос. каменноуг. промышленности "Уголь"
Имя издателя, распространителя и т.д. Гос. науч.-техн. изд-во Украины
Сведения, относящиеся к заглавию Т. 1-
Заглавие Материалы для технического нормирования горных работ каменноугольных рудников Донецкого бассейна
Номер тома Вып. 5
464 #0 - АНАЛИТИЧЕСКИЙ УРОВЕНЬ
Встроенное поле 2001#$aДевять номограмм с указанием к пользованию номограммами
Заглавие Девять номограмм с указанием к пользованию номограммами
801 #0 - ИСТОЧНИК ЗАПИСИ
Страна Российская Федерация
Организация NLR
Правила каталогизации psbo
801 #1 - ИСТОЧНИК ЗАПИСИ
Страна Российская Федерация
Организация ELAR
Источник данных rusmarc
852 ## - МЕСТОНАХОЖДЕНИЕ И ШИФР ХРАНЕНИЯ
Идентификатор организации NLR
Шифр хранения (Call Number) 35-19/23(5)
942 ## - ДОПОЛНИТЕЛЬНЫЕ ЭЛЕМЕНТЫ ЗАПИСИ (АБИС)
Тип экземпляра АБИС Неопределено
980 ## - КОЛЛЕКЦИЯ
Название коллекции Национальная библиография

Нет доступных экземпляров.